000 00580nam a2200181 i 4500
001 148630
003 ES-MaACL
005 20250815001141.0
007 t|
008 070214s1969 sp r ||||1| spa d
100 1 _aSuárez Fernández, Luis,
_d1924-2024
_9240112
245 1 0 _aHistoria social y económica de la Edad Media europea /
_cLuis Suárez Fernández.
260 _aMadrid :
_bEspasa Calpe,
_c1969.
300 _a416 p., 27 lám. ;
_c23 cm.
650 7 _aHistoria medieval
_2embne
_913411
852 _aES-MaACL
_jC-38087
_bR.70928
999 _c148630
_d148630